Normal view
MARC view
- Omer Inam Alvi
Entry Personal Name
001 - CONTROL NUMBER
- control field: 92798
003 - CONTROL NUMBER IDENTIFIER
- control field: NUST
005 - DATE AND TIME OF LATEST TRANSACTION
- control field: 20220704173903.0
008 - FIXED-LENGTH DATA ELEMENTS
- fixed length control field: 220704|| aca||aabn | a|a d
040 ## - CATALOGING SOURCE
- Original cataloging agency: NUST
- Transcribing agency: NUST
100 ## - HEADING--PERSONAL NAME
- Personal name: Omer Inam Alvi
670 ## - SOURCE DATA FOUND
- Source citation: Work cat.: (NUST)9374: Omer Inam Alvi, Priority Aware Queue Management and its Relationship with Quota and Accounting [Project BIT4], 2006.
